[Event "Vellmarer Schachtage 5th op  A"]
[Site "Vellmar"]
[Date "2013.07.25"]
[Round "1.1"]
[White "Turov, Maxim"]
[Black "Schnegelsberg, Karl-Heinz"]
[Result "1-0"]
[WhiteElo "2588"]
[BlackElo "2004"]
[PlyCount "53"]
[EventDate "2013.07.25"]
[EventType "swiss"]
[EventRounds "7"]
[EventCountry "GER"]

{DWZ ---- DWZ 1855} 1. d4 Nf6 2. c4 g6 3. Nc3 d5 4. cxd5 Nxd5 5. Na4 Nf6 6. Nf3
Bg7 7. Bf4 Nc6 8. e3 O-O 9. Bb5 Nb4 10. O-O Bd7 11. Be2 Bc6 12. a3 Nbd5 13. Be5
Bh6 14. Qb3 Nd7 15. Bg3 Qe8 16. Nc3 N7b6 17. Ne5 Ba4 18. Nxa4 Qxa4 19. Qxa4
Nxa4 20. Bf3 Rfd8 21. b3 Nab6 22. Rfc1 c6 23. Kf1 Bf8 24. Nd3 Nd7 25. Bxd5 cxd5
26. Rc7 Rac8 27. Rxb7 1-0

[Event "Vellmarer Schachtage 5th op  A"]
[Site "Vellmar"]
[Date "2013.07.25"]
[Round "1.2"]
[White "Krausse, Eckhard"]
[Black "Gutman, Lev"]
[Result "0-1"]
[WhiteElo "1999"]
[BlackElo "2455"]
[PlyCount "86"]
[EventDate "2013.07.25"]
[EventType "swiss"]
[EventRounds "7"]
[EventCountry "GER"]

{DWZ 1942 DWZ 2375} 1. e4 c5 2. Nf3 d6 3. g3 Nc6 4. Bg2 g6 5. O-O Bg7 6. d3 Nf6
7. Nbd2 O-O 8. Re1 Nd7 9. h4 Nf6 10. e5 Ng4 11. exd6 exd6 12. Ne4 Nge5 13. Nxe5
Nxe5 14. Bg5 f6 15. Bf4 Bg4 16. f3 Bf5 17. d4 Bxe4 18. fxe4 Nf7 19. dxc5 dxc5
20. Qxd8 Raxd8 21. Rad1 Rfe8 22. Bc7 Rxd1 23. Rxd1 Re7 24. Bb8 b6 25. Bf1 Rxe4
26. Rd7 f5 27. c3 Be5 28. Bxe5 Nxe5 29. Rxa7 f4 30. gxf4 Rxf4 31. h5 gxh5 32.
Bg2 h4 33. Bd5+ Kh8 34. Kg2 Ng4 35. Re7 Rf2+ 36. Kg1 Rf4 37. Kg2 Nf6 38. Bc6 h5
39. a4 Ng4 40. Kh3 Nf2+ 41. Kg2 Nd3 42. b3 Rf2+ 43. Kh3 Nf4+ 0-1

[Event "Vellmarer Schachtage 5th op  A"]
[Site "Vellmar"]
[Date "2013.07.25"]
[Round "1.3"]
[White "Langheinrich, Ferenc"]
[Black "Weber, Hubert"]
[Result "1-0"]
[WhiteElo "2434"]
[BlackElo "1999"]
[PlyCount "81"]
[EventDate "2013.07.25"]
[EventType "swiss"]
[EventRounds "7"]
[EventCountry "GER"]

{DWZ 2342 DWZ 1972} 1. e4 d6 2. d4 Nf6 3. Nc3 g6 4. f3 c6 5. Be3 Qc7 6. Qd2 b5
7. g4 h6 8. O-O-O Nbd7 9. h4 Nb6 10. Nh3 b4 11. Nb1 a5 12. g5 Nh5 13. Bd3 d5
14. Nf4 hxg5 15. hxg5 e6 16. Nxh5 gxh5 17. Bf4 Bd6 18. Bxd6 Qxd6 19. g6 fxg6
20. Qg5 Ra7 21. Nd2 Rg7 22. e5 Qe7 23. Bxg6+ Kd8 24. Qxe7+ Kxe7 25. Rxh5 Rxh5
26. Bxh5 a4 27. Bg4 c5 28. Nf1 cxd4 29. Rxd4 Nc4 30. b3 axb3 31. axb3 Nxe5 32.
Rxb4 Nxg4 33. fxg4 e5 34. Ne3 d4 35. Nc4 Ke6 36. Rb6+ Kd5 37. Rb5+ Kc6 38. Rxe5
Rxg4 39. b4 Rf4 40. Rc5+ Kb7 41. Nd6+ 1-0

[Event "Vellmarer Schachtage 5th op  A"]
[Site "Vellmar"]
[Date "2013.07.25"]
[Round "1.5"]
[White "Legde, Georg"]
[Black "Knoth, Eugen"]
[Result "1-0"]
[WhiteElo "2335"]
[BlackElo "1993"]
[PlyCount "73"]
[EventDate "2013.07.25"]
[EventType "swiss"]
[EventRounds "7"]
[EventCountry "GER"]

{DWZ 2317 DWZ 1841} 1. d4 d5 2. c4 c6 3. Nf3 Nf6 4. Nc3 a6 5. a4 g6 6. Bf4 Bg7
7. e3 O-O 8. Bd3 Bg4 9. O-O e6 10. Qb3 Ra7 11. Ne5 Bf5 12. Bxf5 gxf5 13. h3
Nbd7 14. cxd5 cxd5 15. Rfc1 Nxe5 16. Bxe5 Ne8 17. Bf4 Kh8 18. a5 Rg8 19. Qb6
Qxb6 20. axb6 Ra8 21. Na4 Bf8 22. Nc5 Bd6 23. Be5+ Bxe5 24. dxe5 Rb8 25. b4 Ng7
26. Nd7 Rbc8 27. Nf6 Rgd8 28. Rc7 Rxc7 29. bxc7 Rc8 30. Rc1 f4 31. e4 d4 32.
Rc4 d3 33. Kf1 b5 34. Rc6 h5 35. Ke1 a5 36. bxa5 b4 37. Kd2 1-0

[Event "Vellmarer Schachtage 5th op  A"]
[Site "Vellmar"]
[Date "2013.07.25"]
[Round "1.6"]
[White "Weber, Andreas"]
[Black "Halt, David"]
[Result "0-1"]
[WhiteElo "1863"]
[BlackElo "2099"]
[PlyCount "68"]
[EventDate "2013.07.25"]
[EventType "swiss"]
[EventRounds "7"]
[EventCountry "GER"]

{DWZ 1741 DWZ 2047} 1. e4 e5 2. d4 exd4 3. Qxd4 Nc6 4. Qe3 g6 5. Nc3 Bg7 6. Bd2
d6 7. O-O-O Nf6 8. f3 O-O 9. Nge2 Re8 10. Qf2 a6 11. h4 h5 12. Bg5 Be6 13. g4
hxg4 14. h5 Qd7 15. h6 Bh8 16. f4 Nh7 17. Bh4 $11 f5 18. Ng3 Qf7 19. Bg2 Bxc3
20. bxc3 Bxa2 21. exf5 gxf5 22. Bg5 Bc4 23. Bxc6 bxc6 24. Nxf5 Qxf5 25. Qd4 Qf7
26. Rhg1 c5 27. Qf2 Re2 28. Qh4 Qf5 29. Rd2 Rxd2 30. Kxd2 Re8 31. Be7 Qxf4+ 32.
Kd1 Qf3+ 33. Kd2 Qe2+ 34. Kc1 Qe3+ 0-1

[Event "Vellmarer Schachtage 5th op  A"]
[Site "Vellmar"]
[Date "2013.07.25"]
[Round "1.7"]
[White "Kobs, Stephan"]
[Black "Kersten, Uwe"]
[Result "0-1"]
[WhiteElo "1986"]
[BlackElo "2289"]
[PlyCount "86"]
[EventDate "2013.07.25"]
[EventType "swiss"]
[EventRounds "7"]
[EventCountry "GER"]

{DWZ 1873 DWZ 2227} 1. e4 c5 2. Nf3 e6 3. d3 Nc6 4. g3 g6 5. Bg2 Bg7 6. O-O
Nge7 7. Nbd2 O-O 8. Re1 d6 9. c3 h6 10. Nb3 b6 11. d4 cxd4 12. cxd4 d5 13. e5
a5 14. Bf4 Ba6 15. Qd2 Kh7 16. g4 Nb4 17. Re3 Rc8 18. Ng5+ hxg5 19. Rh3+ Kg8
20. Bxg5 f6 21. Bh6 f5 22. Bxg7 Kxg7 23. Qh6+ Kf7 24. gxf5 Nxf5 25. Qh7+ Ke8
26. Qxg6+ Kd7 27. Rh7+ Ne7 28. Bh3 Rc6 29. Rc1 Rg8 30. Rg7 Rxg7 31. Qxg7 Qg8
32. Qxg8 Rxc1+ 33. Nxc1 Nxg8 34. Bf1 Bxf1 35. Kxf1 Nc6 36. Ne2 Nh6 37. h4 Nf5
38. h5 Ke7 39. Kg2 Nfxd4 40. Nxd4 Nxd4 41. Kg3 Kf7 42. Kg4 Kg7 43. Kg5 Nf5 0-1

[Event "Vellmarer Schachtage 5th op  A"]
[Site "Vellmar"]
[Date "2013.07.25"]
[Round "1.9"]
[White "Stuckenschneider, Martin"]
[Black "Piankov, Evgenij"]
[Result "0-1"]
[WhiteElo "1964"]
[BlackElo "2264"]
[PlyCount "72"]
[EventDate "2013.07.25"]
[EventType "swiss"]
[EventRounds "7"]
[EventCountry "GER"]

{DWZ 1764 DWZ ---} 1. d4 d5 2. c4 c6 3. Nf3 Nf6 4. Nc3 a6 5. a4 e6 6. Bg5 a5 7.
e3 Na6 8. Be2 h6 9. Bh4 Be7 10. O-O O-O 11. Ne5 Nd7 12. Bxe7 Qxe7 13. Nxd7 Bxd7
14. Qd2 Rfd8 15. Rfd1 Nb4 16. Rac1 f5 17. cxd5 exd5 18. Bf3 Qf6 19. Ne2 g5 20.
g3 Rf8 21. Rc5 Be8 22. b3 Bg6 23. Rxa5 Rxa5 24. Qxb4 Ra7 25. Qb6 Raa8 26. Rc1
Rf7 27. a5 Rd7 28. Nc3 Kg7 29. Na4 f4 30. Bg4 Rf7 31. exf4 gxf4 32. Nc5 fxg3
33. fxg3 Re8 34. Qb4 h5 35. h3 Qf2+ 36. Kh1 Re2 0-1

[Event "Vellmarer Schachtage 5th op  A"]
[Site "Vellmar"]
[Date "2013.07.25"]
[Round "1.10"]
[White "Neumark, Thomas"]
[Black "Van der Hoeven, Gerben"]
[Result "1-0"]
[WhiteElo "2259"]
[BlackElo "1962"]
[PlyCount "81"]
[EventDate "2013.07.25"]
[EventType "swiss"]
[EventRounds "7"]
[EventCountry "GER"]

{DWZ 2124 DWZ ---} 1. e4 c5 2. Nf3 d6 3. Bb5+ Nd7 4. O-O a6 5. Bxd7+ Bxd7 6. d4
cxd4 7. Qxd4 e5 8. Qd3 Rc8 9. Nc3 Be7 10. a4 Nf6 11. Bg5 Be6 12. Rfd1 Qb6 13.
Rab1 Ng4 14. Qd2 f6 15. Bh4 Qc6 16. Ne1 O-O 17. f3 Nh6 18. g4 Nf7 19. Nd5 Bd8
20. b3 Bb6+ 21. Nxb6 Qxb6+ 22. Bf2 Qc6 23. a5 Rfd8 24. c4 Ng5 25. Bb6 Rd7 26.
Qg2 Rf8 27. h4 Nf7 28. Nc2 g5 29. h5 Kh8 30. Rbc1 Qc8 31. Rd3 Qe8 32. Rcd1 Qe7
33. Qd2 Rc7 34. Bxc7 Qxc7 35. Ne3 Kg7 36. Nd5 Qd7 37. Ne3 Rc8 38. Qb4 Qc6 39.
Rxd6 Qe8 40. Qxb7 Rb8 41. Rxe6 1-0

[Event "Vellmarer Schachtage 5th op  A"]
[Site "Vellmar"]
[Date "2013.07.25"]
[Round "1.11"]
[White "Ziegenfuss, Holger"]
[Black "Meyner, Hannes"]
[Result "1/2-1/2"]
[WhiteElo "1959"]
[BlackElo "2251"]
[PlyCount "51"]
[EventDate "2013.07.25"]
[EventType "swiss"]
[EventRounds "7"]
[EventCountry "GER"]

{DWZ 1865 DWZ 2189} 1. e4 c6 2. d4 d5 3. exd5 cxd5 4. Bd3 Nc6 5. c3 Nf6 6. Bf4
Bg4 7. Qb3 Qd7 8. Nd2 e6 9. Ngf3 Bd6 10. Bxd6 Qxd6 11. O-O O-O 12. Rfe1 Qc7 13.
Qc2 Rfc8 14. Qd1 Rab8 15. Qe2 Ne7 16. h3 Bf5 17. Ne5 Bxd3 18. Qxd3 b5 19. Nb3
Nc6 20. Nxc6 Qxc6 21. Nc5 a5 22. Qe3 b4 23. cxb4 Rxb4 24. b3 Rbb8 25. Rac1 Nd7
26. Qd2 1/2-1/2

[Event "Vellmarer Schachtage 5th op  A"]
[Site "Vellmar"]
[Date "2013.07.25"]
[Round "1.12"]
[White "Angskog, Kent"]
[Black "Niekrens, Stefan"]
[Result "1/2-1/2"]
[WhiteElo "2219"]
[BlackElo "1952"]
[PlyCount "91"]
[EventDate "2013.07.25"]
[EventType "swiss"]
[EventRounds "7"]
[EventCountry "GER"]

{DWZ --- DWZ 1941} 1. Nf3 Nf6 2. c4 g6 3. Nc3 Bg7 4. e4 O-O 5. d4 c6 6. Bg5 d5
7. exd5 cxd5 8. Bxf6 exf6 9. Nxd5 Bg4 10. Be2 Nc6 11. O-O Bxf3 12. Bxf3 f5 13.
Re1 Bxd4 14. Qb3 Qh4 15. g3 Qg5 16. Rad1 Rab8 17. Kg2 Bg7 18. h4 Qh6 19. Ne7+
Nxe7 20. Rxe7 g5 21. hxg5 Qxg5 22. Rxb7 Rxb7 23. Qxb7 f4 24. Rd5 Qg6 25. Qc7
fxg3 26. Qxg3 Qxg3+ 27. fxg3 Bxb2 28. c5 Rc8 29. c6 Rc7 $11 30. Rg5+ Kf8 31.
Bd5 f6 32. Rg8+ Ke7 33. Kf3 Be5 34. g4 Kd6 35. Rd8+ Ke7 36. Rd7+ $11 Rxd7 37.
cxd7 Kxd7 38. Ke4 Kd6 39. Bg8 h6 40. Kf5 Ke7 41. Bd5 a5 42. Bc4 Kd6 43. Bg8 Kc5
44. Bf7 Kd4 45. Bg8 Ke3 46. Bf7 1/2-1/2

[Event "Vellmarer Schachtage 5th op  A"]
[Site "Vellmar"]
[Date "2013.07.25"]
[Round "1.13"]
[White "Hilgert, Viktor"]
[Black "Jellema, Yme Jan"]
[Result "1/2-1/2"]
[WhiteElo "1951"]
[BlackElo "2217"]
[PlyCount "78"]
[EventDate "2013.07.25"]
[EventType "swiss"]
[EventRounds "7"]
[EventCountry "GER"]

{DWZ 1647 DWZ ---} 1. d4 Nf6 2. c4 e5 3. dxe5 Ne4 4. Nc3 Bb4 5. Bd2 Bxc3 6.
Bxc3 Nxc3 7. bxc3 Nc6 8. Nf3 Qe7 9. Qd5 O-O 10. e3 Re8 11. Be2 Nxe5 12. O-O d6
13. Rfd1 Rb8 14. Nxe5 Qxe5 15. Qd4 b6 16. Bf3 Bb7 17. Bxb7 Rxb7 18. Rab1 Rbb8
19. Rb5 Qe6 20. a4 a6 21. Rd5 a5 22. Rb5 Qg6 23. Qd3 $11 Re4 24. Rd5 Rbe8 25.
Rd4 R4e5 26. Qxg6 hxg6 27. Rd5 Kf8 28. Kf1 Rxd5 29. cxd5 Re4 30. Rd4 Rxd4 31.
exd4 Ke7 32. Ke2 Kd7 33. Kd3 c6 34. dxc6+ Kxc6 35. c4 d5 36. f4 f6 37. g4 f5
38. g5 Kd6 39. Kc3 Kc6 1/2-1/2

[Event "Vellmarer Schachtage 5th op  A"]
[Site "Vellmar"]
[Date "2013.07.25"]
[Round "1.14"]
[White "Heinelt, Manfred"]
[Black "Mueller, Joachim"]
[Result "1-0"]
[WhiteElo "2211"]
[BlackElo "1950"]
[PlyCount "63"]
[EventDate "2013.07.25"]
[EventType "swiss"]
[EventRounds "7"]
[EventCountry "GER"]

{DWZ 2088 DWZ 1689} 1. d4 Nf6 2. c4 g6 3. Nc3 Bg7 4. e4 d6 5. f3 O-O 6. Be3 e5
7. d5 Ne8 8. Bd3 f5 9. exf5 Bxf5 10. Nge2 Nd7 11. O-O c5 12. Ng3 a6 13. Nge4
Ndf6 14. Ng5 Nc7 15. a3 Bxd3 16. Qxd3 Qd7 17. b4 b6 18. Rab1 Rab8 19. Rb3 Rfc8
20. bxc5 bxc5 21. Rfb1 Rxb3 22. Rxb3 Qf5 23. Nce4 Bf8 24. g4 Nxg4 25. fxg4
Qxg4+ 26. Kh1 Be7 27. Rb7 Qf5 28. Nf2 Bf6 29. Nge4 Qf3+ 30. Kg1 Bh4 31. Bg5
Bxf2+ 32. Nxf2 1-0

[Event "Vellmarer Schachtage 5th op  A"]
[Site "Vellmar"]
[Date "2013.07.25"]
[Round "1.15"]
[White "Heckmann, Torsten"]
[Black "Cherny, Andrey"]
[Result "0-1"]
[WhiteElo "1947"]
[BlackElo "2197"]
[PlyCount "56"]
[EventDate "2013.07.25"]
[EventType "swiss"]
[EventRounds "7"]
[EventCountry "GER"]

{DWZ 1721 DWZ 2138} 1. Nf3 b6 2. g3 Bb7 3. Bg2 e6 4. O-O Nf6 5. c4 c5 6. Nc3
Be7 7. e3 Qc8 8. b3 O-O 9. Bb2 Rd8 10. Rc1 h6 11. Re1 d5 12. cxd5 Nxd5 13. e4
Nf6 14. Ne5 Nc6 15. Nc4 Nb4 16. Ne5 Nd7 17. Ng4 h5 18. Ne3 Nd3 19. Ba1 Nxe1 20.
Qxe1 Bf6 21. f4 Bd4 22. Qe2 Nf6 23. Kh1 Bxc3 24. dxc3 Bxe4 25. Bxe4 Nxe4 26.
Nc4 Qc6 27. Kg1 Qd5 28. Ne5 Qd2 0-1

[Event "Vellmarer Schachtage 5th op  A"]
[Site "Vellmar"]
[Date "2013.07.25"]
[Round "1.16"]
[White "Balje, Jan"]
[Black "Rafiee, Kayvan"]
[Result "1/2-1/2"]
[WhiteElo "2189"]
[BlackElo "1942"]
[PlyCount "37"]
[EventDate "2013.07.25"]
[EventType "swiss"]
[EventRounds "7"]
[EventCountry "GER"]

{DWZ --- DWZ 1801} 1. d4 d5 2. c4 Nc6 3. Nc3 Nf6 4. Nf3 dxc4 5. d5 Na5 6. Qa4+
c6 7. b4 b5 8. Qxa5 Qxa5 9. bxa5 b4 10. dxc6 bxc3 11. Ba3 e6 12. Bxf8 Rxf8 13.
e3 Ba6 14. Ne5 Rc8 15. Rc1 Ke7 16. Nxc4 Bxc4 17. Bxc4 Rxc6 18. Bb3 Rfc8 19. Ke2
1/2-1/2

[Event "Vellmarer Schachtage 5th op  A"]
[Site "Vellmar"]
[Date "2013.07.25"]
[Round "1.17"]
[White "Schaefer, Annabelle"]
[Black "Blom, Vincent"]
[Result "1/2-1/2"]
[WhiteElo "1930"]
[BlackElo "2167"]
[PlyCount "48"]
[EventDate "2013.07.25"]
[EventType "swiss"]
[EventRounds "7"]
[EventCountry "GER"]

{DWZ 1842 DWZ ---} 1. e4 c5 2. Nf3 d6 3. d4 cxd4 4. Nxd4 Nf6 5. f3 e5 6. Nb3
Be6 7. c4 Be7 8. Be3 O-O 9. Nc3 b6 10. Be2 Na6 11. O-O Rc8 12. Nd2 Nc7 13. Qa4
Ra8 14. Rfc1 Bd7 15. Qd1 Nh5 16. Bf1 g6 17. a4 Bg5 18. Bf2 Ne6 19. b4 Nd4 20.
Rcb1 Nf4 21. Nb3 Nxb3 22. Rxb3 Be6 23. Nb5 Be7 24. Rb2 a6 1/2-1/2

[Event "Vellmarer Schachtage 5th op  A"]
[Site "Vellmar"]
[Date "2013.07.25"]
[Round "1.18"]
[White "Van der Auweraert, Elwin"]
[Black "Forgach, Andreas"]
[Result "1-0"]
[WhiteElo "2154"]
[BlackElo "1919"]
[PlyCount "76"]
[EventDate "2013.07.25"]
[EventType "swiss"]
[EventRounds "7"]
[EventCountry "GER"]

{DWZ --- DWZ 1772} 1. e4 c5 2. Nf3 Nc6 3. d4 cxd4 4. Nxd4 Nf6 5. Nc3 e6 6. Ndb5
Bb4 7. a3 Bxc3+ 8. Nxc3 d5 9. exd5 exd5 10. Qe2+ Be6 11. Bg5 h6 12. Bxf6 Qxf6
13. O-O-O O-O-O 14. Qd2 d4 15. Ne4 Qe5 16. Bd3 Rhe8 17. Rde1 Qd5 $11 18. Qf4 f5
19. Nd2 g5 20. Qf3 Qxf3 21. Nxf3 Bd7 22. Kd2 Kc7 23. g3 Kd6 24. b4 a6 25. Rhg1
Kd5 26. Rd1 Ne5 27. Nxe5 Rxe5 28. c4+ dxc3+ 29. Kxc3 Kc6 30. h4 Kc7 31. Bc2 g4
32. Rd4 Bc8 33. Rgd1 Rxd4 34. Rxd4 Bd7 35. Rf4 Kd6 36. Bd3 Be6 37. a4 Bd7 38.
a5 Be6 1-0

[Event "Vellmarer Schachtage 5th op  A"]
[Site "Vellmar"]
[Date "2013.07.25"]
[Round "1.19"]
[White "Kies, Wolfgang"]
[Black "Rafiee, Makan"]
[Result "0-1"]
[WhiteElo "1916"]
[BlackElo "2151"]
[PlyCount "52"]
[EventDate "2013.07.25"]
[EventType "swiss"]
[EventRounds "7"]
[EventCountry "GER"]

{DWZ 2132 DWZ 2132} 1. d4 Nf6 2. c4 c5 3. d5 e6 4. Nc3 exd5 5. cxd5 d6 6. e4 g6
7. f4 Bg7 8. Nf3 O-O 9. Bd3 Bg4 10. O-O Re8 11. h3 Bxf3 12. Qxf3 a6 13. a4 b6
14. Be3 Ra7 15. Bf2 Rae7 16. Rae1 Qc8 17. Bh4 c4 18. Bc2 Nbd7 19. Kh1 Qb8 20.
Bxf6 Bxf6 21. e5 dxe5 22. f5 Kh8 23. g4 e4 24. Bxe4 g5 25. h4 Bxc3 26. bxc3 Nf6
0-1

[Event "Vellmarer Schachtage 5th op  A"]
[Site "Vellmar"]
[Date "2013.07.25"]
[Round "1.20"]
[White "Kiesel, Harald"]
[Black "Flick, Antoine"]
[Result "1-0"]
[WhiteElo "2140"]
[BlackElo "1909"]
[PlyCount "55"]
[EventDate "2013.07.25"]
[EventType "swiss"]
[EventRounds "7"]
[EventCountry "GER"]

{DWZ 2064 DWZ ---} 1. e4 c5 2. Nf3 Nc6 3. Bb5 d6 4. O-O Bg4 5. h3 Bh5 6. c3 e5
7. d3 Be7 8. Re1 Nf6 9. Nbd2 O-O 10. Nf1 Qa5 11. Bxc6 bxc6 12. Ng3 Bg6 13. Nh4
Rfe8 14. Nhf5 Rab8 15. Qe2 Qc7 16. f4 Nd7 17. Nxe7+ Rxe7 18. f5 Nf8 19. fxg6
hxg6 20. b3 Ne6 21. Qg4 Qb6 22. Kh2 Qa6 23. Qd1 Qa5 24. Bd2 Qa6 25. Qe2 Qb7 26.
h4 Kf8 27. h5 gxh5 28. Nf5 1-0

[Event "Vellmarer Schachtage 5th op  A"]
[Site "Vellmar"]
[Date "2013.07.25"]
[Round "1.21"]
[White "Sieber, Fiona"]
[Black "Klauke, Stefan"]
[Result "0-1"]
[WhiteElo "1868"]
[BlackElo "2125"]
[PlyCount "56"]
[EventDate "2013.07.25"]
[EventType "swiss"]
[EventRounds "7"]
[EventCountry "GER"]

{DWZ 1890 DWZ 2081} 1. e4 c5 2. Nf3 Nf6 3. Nc3 d5 4. Bb5+ Bd7 5. Bxd7+ Qxd7 6.
exd5 Nxd5 7. O-O Nc6 8. Re1 e6 9. Ne4 Be7 10. d4 cxd4 11. Nxd4 O-O 12. Nxc6
Qxc6 13. Bd2 Rad8 14. Rc1 f5 15. Ng3 Nf4 16. Bxf4 Rxd1 17. Rcxd1 Qxc2 18. Rd7
Bc5 19. Be3 Bxe3 20. fxe3 Qxb2 21. Re2 Qc1+ 22. Nf1 f4 23. exf4 Rxf4 24. Rf2
Rxf2 25. Kxf2 Qf4+ 26. Kg1 b5 27. Rb7 Qd4+ 28. Kh1 Qf2 0-1

[Event "Vellmarer Schachtage 5th op  A"]
[Site "Vellmar"]
[Date "2013.07.25"]
[Round "1.22"]
[White "Schmidt, Alexander"]
[Black "Lechnauer, Uwe"]
[Result "1-0"]
[WhiteElo "2120"]
[BlackElo "1883"]
[PlyCount "69"]
[EventDate "2013.07.25"]
[EventType "swiss"]
[EventRounds "7"]
[EventCountry "GER"]

{DWZ 2080 DWZ 1757} 1. e4 e5 2. Nf3 Nc6 3. Bb5 Nf6 4. d3 Ne7 5. Nxe5 c6 6. Nxf7
Kxf7 7. Bc4+ d5 8. Bb3 Be6 9. e5 Nd7 10. d4 Ke8 11. O-O Nf5 12. c3 Be7 13. g4
Nh4 14. f4 g6 15. Bc2 Rg8 16. Kh1 Nb6 17. f5 gxf5 18. gxf5 Bf7 19. e6 Bxe6 20.
fxe6 Qd6 21. Qh5+ Kd8 22. Qe5 Rg2 23. Bd3 Kc7 24. Bf4 Rag8 25. Nd2 Rxd2 26.
Bxd2 Nc4 27. Bxc4 dxc4 28. Rae1 Qxe5 29. dxe5 Rg6 30. Re4 b5 31. Rf7 Kd8 32.
Rxe7 Nf3 33. Rd7+ Ke8 34. Be3 Rxe6 35. Rxa7 1-0

[Event "Vellmarer Schachtage 5th op  A"]
[Site "Vellmar"]
[Date "2013.07.25"]
[Round "1.23"]
[White "Doeserich, Juergen"]
[Black "Radde, Horst"]
[Result "1-0"]
[WhiteElo "2092"]
[BlackElo "1845"]
[PlyCount "87"]
[EventDate "2013.07.25"]
[EventType "swiss"]
[EventRounds "7"]
[EventCountry "GER"]

{DWZ 2023 DWZ 1768} 1. d4 d6 2. Nf3 e6 3. c4 Nd7 4. Nc3 a6 5. e4 c5 6. Be2 b6
7. O-O Bb7 8. d5 e5 9. a3 h6 10. b4 g6 11. Rb1 Rb8 12. Bd3 Bg7 13. Be3 Ne7 14.
Qd2 Kf8 15. Na4 Kg8 16. Rb3 Kh7 17. Rfb1 Qc7 18. bxc5 Nxc5 19. Nxc5 bxc5 20.
Qb2 Qa5 21. Rxb7 Rxb7 22. Qxb7 Qxa3 23. Bf1 Qa2 24. Rb6 Nc8 25. Rxa6 Qc2 26.
Ra8 f5 27. Rxc8 Rxc8 28. Qxc8 Qxe4 29. Qa6 f4 30. Bd2 Qc2 31. Qa5 g5 32. Ne1
Qg6 33. f3 Kg8 34. Qd8+ Bf8 35. Bd3 Qf7 36. Qc8 Kg7 37. Bf5 h5 38. Nd3 Qa7 39.
Qe8 Qf7 40. Qxf7+ Kxf7 41. Nf2 Be7 42. Ba5 Kf6 43. Bd7 e4 44. Nxe4+ 1-0

[Event "Vellmarer Schachtage 5th op  A"]
[Site "Vellmar"]
[Date "2013.07.25"]
[Round "1.24"]
[White "Rehbein, Ullrich"]
[Black "Humburg, Philipp"]
[Result "1/2-1/2"]
[WhiteElo "1822"]
[BlackElo "2054"]
[PlyCount "47"]
[EventDate "2013.07.25"]
[EventType "swiss"]
[EventRounds "7"]
[EventCountry "GER"]

{DWZ 1654 DWZ 2071} 1. d4 Nf6 2. Nf3 g6 3. c4 Bg7 4. Nc3 O-O 5. g3 d6 6. Bg2
Nc6 7. Bg5 a6 8. O-O Rb8 9. e4 Bg4 10. h3 Bxf3 11. Bxf3 h6 12. Be3 Nd7 13. Ne2
Na5 14. Qc1 c5 15. dxc5 Ne5 16. Bg2 Nexc4 17. Bd4 Bxd4 18. Nxd4 dxc5 19. Nf3
Qb6 20. b3 Nd6 21. Qxh6 Nxe4 22. Rfe1 Nf6 23. Ng5 Rbd8 24. Rxe7 1/2-1/2

[Event "Vellmarer Schachtage 5th op  A"]
[Site "Vellmar"]
[Date "2013.07.25"]
[Round "1.26"]
[White "Engel, Luis"]
[Black "Eriksson, Magnus"]
[Result "1/2-1/2"]
[WhiteElo "1765"]
[BlackElo "2060"]
[PlyCount "50"]
[EventDate "2013.07.25"]
[EventType "swiss"]
[EventRounds "7"]
[EventCountry "GER"]

{DWZ 1791 DWZ ---} 1. e4 e6 2. d4 d5 3. Nd2 Nf6 4. e5 Nfd7 5. Bd3 c5 6. c3 Nc6
7. Ne2 cxd4 8. cxd4 f6 9. Nf4 Nxd4 10. Qh5+ Ke7 11. Ng6+ hxg6 12. exf6+ Nxf6
13. Qxh8 Kf7 14. Qh4 e5 15. Nf3 Nxf3+ 16. gxf3 Qb6 17. O-O Bf5 18. Bxf5 gxf5
19. Bg5 Rc8 20. Bxf6 gxf6 21. Qh7+ Ke6 22. Qg8+ Kd6 23. Qg6 Ke6 24. Qg8+ Kd6
25. Qg6 Ke6 1/2-1/2

[Event "Vellmarer Schachtage 5th op  A"]
[Site "Vellmar"]
[Date "2013.07.25"]
[Round "1.27"]
[White "Marth, Juergen"]
[Black "Schulze, Lara"]
[Result "0-1"]
[WhiteElo "2058"]
[BlackElo "1788"]
[PlyCount "79"]
[EventDate "2013.07.25"]
[EventType "swiss"]
[EventRounds "7"]
[EventCountry "GER"]

{DWZ 1814 DWZ 1604} 1. e4 e6 2. d4 d5 3. exd5 exd5 4. Bd3 Nc6 5. c3 Be6 6. Bf4
Qd7 7. Qc2 h6 8. b4 g5 9. Bc1 Bd6 10. b5 Na5 11. Nd2 Nf6 12. Ngf3 Nc4 13. Qb3
g4 14. Nh4 Qe7 15. O-O Nxd2 16. Bxd2 Ne4 17. Bxe4 dxe4 18. d5 Bxh2+ 19. Kxh2
Qxh4+ 20. Kg1 Bf5 21. Bf4 Qe7 22. Qa4 h5 23. Rfe1 b6 24. Qc4 Rc8 25. Qc6+ Bd7
26. Qb7 f5 27. Bxc7 Qc5 28. Be5 Rg8 29. a4 Qe7 30. Bd4 g3 31. fxg3 Rxg3 32.
Qxa7 Qg5 33. Ra2 h4 34. Be5 Rd3 35. Qxb6 h3 36. Qf6 Qg8 37. Bd6 h2+ 38. Kh1 Qf7
39. Qh8+ Qf8 40. Qxf8# 0-1

[Event "Vellmarer Schachtage 5th op  A"]
[Site "Vellmar"]
[Date "2013.07.25"]
[Round "1.28"]
[White "Stoll, Katja"]
[Black "Wesslen, Ulf"]
[Result "1-0"]
[WhiteElo "1763"]
[BlackElo "2050"]
[PlyCount "79"]
[EventDate "2013.07.25"]
[EventType "swiss"]
[EventRounds "7"]
[EventCountry "GER"]

{DWZ 1700 DWZ ---} 1. e4 e6 2. d4 d5 3. exd5 exd5 4. Bd3 Nc6 5. c3 Be6 6. Bf4
Qd7 7. Qc2 h6 8. b4 g5 9. Bc1 Bd6 10. b5 Na5 11. Nd2 Nf6 12. Ngf3 Nc4 13. Qb2
g4 14. Nh4 Qe7 15. O-O Nxd2 16. Bxd2 Ne4 17. Bxe4 dxe4 18. d5 Bxh2+ 19. Kxh2
Qxh4+ 20. Kg1 Bf5 21. Bf4 Qe7 22. Qe2 h5 23. Rfe1 b6 24. Qc4 Rc8 25. Qc6+ Bd7
26. Qb7 f5 27. Bxc7 Qc5 28. Be5 Rg8 29. a4 Qe7 30. Bd4 g3 31. fxg3 Rxg3 32.
Qxa7 Qg5 33. Ra2 h4 34. Be5 Rcxc3 35. Qxb6 h3 36. Qf6 Qg8 37. Bd6 h2+ 38. Kh1
Qf7 39. Qh8+ Qf8 40. Qxf8# 1-0

[Event "Vellmarer Schachtage 5th op  A"]
[Site "Vellmar"]
[Date "2013.07.25"]
[Round "1.29"]
[White "Kollars, Dmitrij"]
[Black "Niemeyer, Norbert"]
[Result "1-0"]
[WhiteElo "2026"]
[BlackElo "1758"]
[PlyCount "95"]
[EventDate "2013.07.25"]
[EventType "swiss"]
[EventRounds "7"]
[EventCountry "GER"]

{DWZ 2043 DWZ 1590} 1. e4 Nf6 2. e5 Nd5 3. d4 d6 4. c4 Nb6 5. exd6 exd6 6. Nc3
Be7 7. Bd3 Nc6 8. Nge2 Bg4 9. Be3 Nb4 10. Bb1 Qd7 11. b3 Bf5 12. O-O O-O 13. a3
Nc6 14. d5 Ne5 15. Bd4 Ng6 16. Bxf5 Qxf5 17. Ng3 Qd7 18. Qc2 Qd8 19. Nh5 f6 20.
Ne2 Nd7 21. Nef4 Nxf4 22. Nxf4 Rf7 23. Rfe1 Ne5 24. Ne6 Qd7 25. Qf5 g6 26. Qh3
f5 27. f4 Ng4 28. Qc3 Bf6 29. h3 Bxd4+ 30. Qxd4 Nf6 31. Ng5 Rff8 32. Re6 Ne4
33. Nxe4 fxe4 34. Qxe4 Rae8 35. Re1 Rxe6 36. dxe6 Qe7 37. Qxb7 Rxf4 38. Qb8+
Kg7 39. Qxa7 Rf5 40. Qd4+ Kg8 41. a4 Ra5 42. Qd2 Ra8 43. Qd5 Rb8 44. c5 dxc5
45. a5 Rd8 46. Qe5 Rd6 47. Rf1 Ra6 48. Rf7 1-0